|
|
|
|
| LEADER |
01690nam a2200421 a 4500 |
| 001 |
000091102 |
| 003 |
CZ BrMZK |
| 005 |
20250729141540.0 |
| 007 |
ta |
| 008 |
960815s1996 xr e f cze d |
| 015 |
|
|
|a cnb000187218
|
| 020 |
|
|
|a 80-85896-21-4
|
| 035 |
|
|
|a (OCoLC)37251536
|
| 040 |
|
|
|a BOA001
|b cze
|
| 072 |
|
7 |
|a 004.4/.6
|x Programování. Software
|2 Konspekt
|9 23
|
| 080 |
|
|
|a 004.451.9NetWare
|2 MRF
|
| 080 |
|
|
|a 004.451
|2 MRF
|
| 080 |
|
|
|a (035)
|2 MRF
|
| 100 |
1 |
|
|a Přichystal, Oldřich,
|d 1950-
|7 jn19990209697
|4 aut
|
| 245 |
1 |
0 |
|a Novell Netware 3.x a 4.x :
|b kompletní průvodce /
|c Oldřich Přichystal
|
| 250 |
|
|
|a Vyd. 1.
|
| 260 |
|
|
|a Praha :
|b Computer Press,
|c [1996]
|
| 300 |
|
|
|a vii, 494 s. ;
|c 22 cm
|
| 500 |
|
|
|a Dostupné též v digitální podobě v aplikaci Kramerius
|
| 650 |
0 |
7 |
|a Novell NetWare 3 (operační systém)
|7 ph117931
|2 czenas
|
| 650 |
0 |
7 |
|a Novell NetWare 4 (operační systém)
|7 ph117933
|2 czenas
|
| 650 |
0 |
7 |
|a operační systémy
|7 ph115593
|2 czenas
|
| 650 |
0 |
9 |
|a Novell NetWare3 (operating system)
|2 eczenas
|
| 650 |
0 |
9 |
|a Novell NetWare4 (operating system)
|2 eczenas
|
| 650 |
0 |
9 |
|a operating systems
|2 eczenas
|
| 655 |
|
7 |
|a příručky
|7 fd133209
|2 czenas
|
| 655 |
|
9 |
|a handbooks and manuals
|2 eczenas
|
| 856 |
4 |
1 |
|u http://www.digitalniknihovna.cz/mzk/uuid/uuid:5abedc20-db7e-11e8-bc37-005056827e51
|y Digitalizovaný dokument
|x NDK
|
| 910 |
|
|
|a BOA001
|b 2-1023.948
|b TK-0257.138
|
| 920 |
|
|
|a 000021742
|
| 990 |
|
|
|a BK
|
| 996 |
6 |
|
|b 2610040869
|c 2-1023.948
|l MZK
|r Sklad / do 1 hodiny
|n 21
|p p.v.
|w 000091102
|u 000010
|a 1
|e BOA001
|j MZK50
|s P
|
| 996 |
7 |
|
|b 2620001104
|c TK-0257.138
|l MZK
|r Sklad / do 24 hodin
|n 3
|p kup
|w 000091102
|u 000020
|a 1
|e BOA001
|j MZK50
|s A
|